| 000 | 00932cam a2200289 a 4500 | ||
|---|---|---|---|
| 001 | 14539391 | ||
| 003 | OSt | ||
| 005 | 20230620102309.0 | ||
| 008 | 060908s2006 ke d 000 0 eng | ||
| 010 | _a 2006317100 | ||
| 020 | _a9966708219 | ||
| 040 |
_aDLC _cDLC _dDLC |
||
| 041 | 0 |
_aeng _akik |
|
| 042 | _alcode | ||
| 050 | 0 | 0 |
_aPL8379.4 _b.W36 2006 |
| 082 | 0 | 0 |
_a496.3954 _222 _bWAN |
| 100 | 1 | _aWanjohi, G. J. | |
| 245 | 1 | 0 |
_aEnglish-Gĩkũyũ, Gĩkũyũ-English vocabulary and usage / _cby Gerald J. Wanjohi. |
| 246 | 1 | 4 | _aEnglish-Kikuyu, Kikuyu-English vocabulary and usage |
| 260 |
_aNairobi : _bNyatũrĩma Publications, _c2006. |
||
| 300 |
_a64 p. ; _c21 cm. |
||
| 650 | 0 |
_aKikuyu language _vDictionaries _xEnglish. |
|
| 650 | 0 |
_aEnglish language _vDictionaries _xKikuyu. |
|
| 906 |
_a7 _bcbc _corigode _d2 _encip _f20 _gy-gencatlg |
||
| 942 |
_2ddc _cBK |
||
| 999 |
_c1551 _d1551 |
||